000 00408nam a22001337a 4500
008 161101b xxu||||| |||| 00| 0 eng d
050 _aJA26.J68(1988 Vol.66)
245 _aPublic Administration ./
_cedited by Christopher Pollitt and R.A.W , Rhodes
250 _aVol.66
260 _aLondon.:
_bBlackwell Publisher:
_c1988.
300 _a476pgs.:
_c24 cm.
800 _aPollitt,Christopher
942 _2lcc
_cBK
999 _c6084
_d13584